00578nam a2200181Ia 450000500170000000800410001702000240005804000190008204100120010108200180011324500880013125000160021926000480023530000300028350400500031365000230036385000100038620230812102510.0131103s9999 xx 000 0 und d a1405145870cRs 1195 aLoreto College aEnglish a910.0203bTHO 4aThe dictionary of physical geographycEdited by David S.G. Thomas and Andrew Goudie a3rd edition aMalden, MA, USAbBlackwell Publishingc2000 axiv,610pb maps, drawings aIncludes bibliographical references and index aPhysical Geography aLCLIB